GDPR - boj o prežitie

V celej Európe je GDPR veľkou témou. Zavádzanie nového nariadenia má pre firmy veľký vplyv. Niektoré firmy pociťujú obavu, že to nevzládnu. Pre väčšinu firiem znamená GDPR najmä viac byrokracie a vyššie nároky na uchovávanie dokumentov. Na druhej strane si uvedomujú vyššiu úroveň bezpečnosti údajov....

Celý popis

Uložené v:
Podrobná bibliografia
Médium: Kapitola
Jazyk:Slovak
Predmet:
Tagy: Pridať tag
Žiadne tagy, Buďte prvý, kto otaguje tento záznam!

MARC

LEADER 00000naa a2200000 4500
001 0247580
005 20180910093546.5
041 0 |a slo 
044 |a SK 
245 1 0 |a GDPR - boj o prežitie 
520 |a V celej Európe je GDPR veľkou témou. Zavádzanie nového nariadenia má pre firmy veľký vplyv. Niektoré firmy pociťujú obavu, že to nevzládnu. Pre väčšinu firiem znamená GDPR najmä viac byrokracie a vyššie nároky na uchovávanie dokumentov. Na druhej strane si uvedomujú vyššiu úroveň bezpečnosti údajov. Pre firmy je dôležité, aby si zistili aké majú povinnosti podľa GDPR, inak im hrozí vysoká pokuta. 
610 2 0 |a ochrana údajov osobných 
610 2 0 |a firmy 
610 2 0 |a legislatíva 
610 2 0 |a novelizácia